TOURISM, TRAVEL, HOTEL AND HOSPITALI (Record no. 216240)
[ view plain ]
| 000 -LEADER | |
|---|---|
| fixed length control field | 00434nam a22001577a 4500 |
| 008 - FIXED-LENGTH DATA ELEMENTS--GENERAL INFORMATION | |
| fixed length control field | 251120b |||||||| |||| 00| 0 eng d |
| 020 ## - INTERNATIONAL STANDARD BOOK NUMBER | |
| International Standard Book Number | 979-8-88715-384-1 |
| 100 ## - MAIN ENTRY--PERSONAL NAME | |
| Personal name | WATSON, LEONARD |
| 245 ## - TITLE STATEMENT | |
| Title | TOURISM, TRAVEL, HOTEL AND HOSPITALI |
| 260 ## - PUBLICATION, DISTRIBUTION, ETC. | |
| Place of publication, distribution, etc. | DUBLIN |
| Name of publisher, distributor, etc. | ORYSON PRESS |
| Date of publication, distribution, etc. | 2024 |
| 300 ## - PHYSICAL DESCRIPTION | |
| Extent | VI, 308P. |
| 500 ## - GENERAL NOTE | |
| General note | INCLUDES INDEX |
| 650 ## - SUBJECT ADDED ENTRY | |
| Topical term or geographic name entry element | 1. TOURISM 2. TRAVEL 3. HOSPITALITY |
| 942 ## - ADDED ENTRY ELEMENTS (KOHA) | |
| Source of classification or shelving scheme | Library of Congress Classification |
| Koha item type | Long Loan Book |
| Withdrawn status | Lost status | Source of classification or shelving scheme | Damaged status | Not for loan | Collection | Home library | Current library | Shelving location | Date acquired | Inventory number | Total checkouts | Full call number | Barcode | Date last seen | Copy number | Price effective from | Koha item type | Date last checked out |
|---|---|---|---|---|---|---|---|---|---|---|---|---|---|---|---|---|---|---|
| Library of Congress Classification | Science & Technology | Kisii University Library | Kisii University Library | On Display | 11/20/2025 | 109968 | G 155 .A1W38 2024 | 000000002680 | 11/20/2025 | C.1 | 11/20/2025 | Long Loan Book | ||||||
| Library of Congress Classification | Science & Technology | Kisii University Library | Kisii University Library | On Display | 11/20/2025 | 109969 | 1 | G 155 .A1W38 2024 | 000000002679 | 03/11/2026 | C.2 | 11/20/2025 | Long Loan Book | 02/25/2026 | ||||
| Library of Congress Classification | Science & Technology | Kisii University Library | Kisii University Library | On Display | 11/20/2025 | 109970 | G 155 .A1W38 2024 | 000000002678 | 11/20/2025 | C.3 | 11/20/2025 | Long Loan Book | ||||||
| Library of Congress Classification | Science & Technology | Kisii University Library | Kisii University Library | On Display | 11/20/2025 | 109971` | G 155 .A1W38 2024 | 000000002677 | 11/20/2025 | C.4 | 11/20/2025 | Long Loan Book |